000 00671nam a2200205 u 4500
005 20230602063631.0
008 100706s2008 es r 000 0 spa d
020 _a9788467528800
035 _aUPN01000177178
049 _aCG
050 4 _aPQ6281 A2
_bV5b
100 1 _aCalderón de la Barca, Pedro,
_d1600-1681
_928623
245 1 3 _aLa vida es sueño /
_cPedro Calderón de la Barca ; adap. Ricardo Gómez ; il. Federico Delicado.
260 _aMadrid :
_bSM,
_cc2008.
300 _a77 p. :
_bil. col.
650 0 _aTeatro español
_y1500-1700
_97208
650 4 _aLiteratura española
_yÉpoca clásica, 1500-1700
_913879
905 _aLibro
999 _c149281
_d149281